Normal view MARC view

Entry Personal Name

Number of records used in: 1

001 - CONTROL NUMBER

  • control field: 529777

003 - CONTROL NUMBER IDENTIFIER

  • control field: OSt

005 - DATE AND TIME OF LATEST TRANSACTION

  • control field: 20220930072412.0

008 - FIXED-LENGTH DATA ELEMENTS

  • fixed length control field: 220930|| aca||aabn | a|a d

040 ## - CATALOGING SOURCE

  • Original cataloging agency: OSt
  • Transcribing agency: OSt

100 ## - HEADING--PERSONAL NAME

  • Personal name: Dr. Gobind Chatak Gu

670 ## - SOURCE DATA FOUND

  • Source citation: Work cat.: (OSt)863853: Rai Lakshmi 529776, Prasadauttar (1935 to ubb tak) hindi natakon mein charitra srashti, 1977
Copyright @ Delhi University Library System